Online
Catalog

Mirando el sol : (Record no. 13640)

MARC details
000 -CABECERA
campo de control de longitud fija 01090cam a2200265 a 4500
001 - NÚMERO DE CONTROL
campo de control 000014038
005 - FECHA Y HORA DE LA ÚLTIMA TRANSACCIÓN
campo de control 20200929163439.0
008 - DATOS DE LONGITUD FIJA--INFORMACIÓN GENERAL
campo de control de longitud fija 011210s2001 mx b f000 0 spa
020 ## - NÚMERO INTERNACIONAL ESTÁNDAR DEL LIBRO
Número Internacional Estándar del Libro 9685087318
035 ## - NÚMERO DE CONTROL DEL SISTEMA
Número de control de sistema (MxMxBFM)bm970114147
040 ## - FUENTE DE LA CATALOGACIÓN
Centro catalogador/agencia de origen DO-SdBNP
Centro/agencia transcriptor DLC
Centro/agencia modificador DLC
043 ## - CÓDIGO DE ÁREA GEOGRÁFICA
Código de área geográfica n-mx---
-- n-us---
082 ## - NÚMERO DE LA CLASIFICACIÓN DECIMAL DEWEY
Número de clasificación 325.72073
Número de documento/Ítem N322m
049 ## - FONDOS LOCALES (OCLC)
Fondos de biblioteca BNGR
100 1# - ENTRADA PRINCIPAL--NOMBRE DE PERSONA
Nombre de persona Navarro Smith, Alejandra.
9 (RLIN) 31789
245 10 - MENCIÓN DE TÍTULO
Título Mirando el sol :
Resto del título hacia una configuración del proceso migratorio entre México y Estados Unidos /
Mención de responsabilidad, etc. Alejandra Navarro Smith.
260 ## - PUBLICACIÓN, DISTRIBUCIÓN, ETC.
Lugar de publicación, distribución, etc. México :
Nombre del editor, distribuidor, etc. Consejo Nacional para la Enseñanza de la Investigación de la Comunicación ;
-- Instituto Tecnológico de Estudios Superiores de Occidente,
Fecha de publicación, distribución, etc. 2001.
300 ## - DESCRIPCIÓN FÍSICA
Extensión 141 p. ;
Dimensiones 21 cm.
490 1# - MENCIÓN DE SERIE
Mención de serie Cuadernos del CONEICC
504 ## - NOTA DE BIBLIOGRAFÍA, ETC.
Nota de bibliografía, etc. Incluye referencias bibliográficas (p. 135-141).
651 #4 - PUNTO DE ACCESO ADICIONAL DE MATERIA--NOMBRE GEOGRÁFICO
Nombre geográfico México
Subdivisión general Emigración E Inmigración.
Subdivisión geográfica Estados Unidos
9 (RLIN) 31790
651 #4 - PUNTO DE ACCESO ADICIONAL DE MATERIA--NOMBRE GEOGRÁFICO
Nombre geográfico Estados Unidos
Subdivisión general Emigración E Inmigración.
Subdivisión geográfica México
9 (RLIN) 31791
830 #0 - PUNTO DE ACCESO ADICIONAL DE SERIE-TÍTULO UNIFORME
Título uniforme Cuadernos del CONEICC ;
9 (RLIN) 31792
910 ## - DATOS DE OPCIÓN DEL USUARIO (OCLC)
Datos de opción del usuario Catalogación por copia / LC
Holdings
Estado de retiro Estado de pérdida Restricciones de uso No para préstamo Código de colección Localización permanente Ubicación/localización actual Ubicación en estantería Fecha de adquisición Número de inventario Total de préstamos Signatura topográfica completa Código de barras Fecha visto por última vez Precio válido a partir de Tipo de ítem Koha
    Préstamo interno   Monografías: Libros y Folletos General General En catalogación 02.12.2009 LF1   325.72073 N322m 14038-10 25.06.2020 25.06.2020 Préstamo interno

Powered by Koha